[Event "Baguio City (m/16)"]
[Site "?"]
[Date "1978.??.??"]
[Round "?"]
[White "Karpov, An"]
[Black "Kortchnoi, V."]
[Result "1/2-1/2"]
[WhiteElo "2725"]
[BlackElo "2665"]
[PlyCount "101"]
[EventDate "1978.??.??"]
[Source "www.chesslib.no"]
[SourceDate "2004.05.04"]

1. e4 e6 2. d4 d5 3. Nd2 c5 4. exd5 exd5 5. Bb5+ Bd7 6. Qe2+ Qe7 7. Bxd7+ Nxd7 8. dxc5 Nxc5 9. Nb3 Qxe2+ 10. Nxe2 Nxb3 11. axb3 Bc5 12. Bd2 Ne7 13. Nf4 O-O 14. O-O Rfd8 15. Nd3 Bb6 16. c3 f6 17. Rfd1 Kf7 18. Kf1 Nf5 19. Be1 Ne7 20. Nb4 Rd7 21. Rd3 Rad8 22. Rad1 Ke6 23. Bd2 Nc6 24. Nxc6 bxc6 25. b4 Kf7 26. Be3 Bxe3 27. Rxe3 Rb8 28. Re2 Rb5 29. Ra1 Rdb7 30. Rd2 Ke6 31. Ra6 R5b6 32. Ra2 Kd6 33. Ke2 Re7+ 34. Kd3 a6 35. Rd1 Kc7 36. Raa1 Kd8 37. f3 Re5 38. Kd4 Kc7 39. Re1 Kd6 40. f4 Rxe1 41. Rxe1 a5 42. bxa5 Rxb2 43. Ra1 c5+ 44. Ke3 Kc7 45. a6 Kb8 46. Ra5 Rxg2 47. Rxc5 Rxh2 48. Rxd5 Rg2 49. Kf3 Rg1 50. Kf2 Rg4 51. Kf3 1/2-1/2

[Event "Tan Chin Nam Cup 6th"]
[Site "Beijing"]
[Date "2000.07.17"]
[Round "9"]
[White "Ye Jiangchuan"]
[Black "Short, Nigel D"]
[Result "1/2-1/2"]
[WhiteElo "2670"]
[BlackElo "2677"]
[PlyCount "43"]
[EventDate "2000.07.03"]
[Source "ChessBase"]
[SourceDate "2000.10.18"]

1. e4 e6 2. d4 d5 3. Nd2 c5 4. exd5 exd5 5. Ngf3 Nf6 6. Bb5+ Bd7 7. Bxd7+ Nbxd7 8. O-O Be7 9. dxc5 Nxc5 10. Nb3 Nce4 11. Nbd4 Qc8 12. c3 O-O 13. Be3 Re8 14. Nc2 b6 15. Bd4 Bc5 16. Ne3 Qe6 17. Re1 Rad8 18. Qa4 Nh5 19. g3 f5 20. Bxc5 bxc5 21. Ng2 f4 22. Ng5 1/2-1/2

[Event "Poikovsky Karpov 4th"]
[Site "Poikovsky"]
[Date "2003.04.27"]
[Round "7"]
[White "Svidler, Peter"]
[Black "Pelletier, Yannick"]
[Result "1/2-1/2"]
[WhiteElo "2713"]
[BlackElo "2623"]
[PlyCount "65"]
[EventDate "2003.04.20"]
[Source "ChessBase"]
[SourceDate "2003.07.25"]

1. e4 e6 2. d4 d5 3. Nd2 c5 4. Ngf3 Nf6 5. exd5 exd5 6. Bb5+ Bd7 7. Bxd7+ Nbxd7 8. O-O Be7 9. dxc5 Nxc5 10. Re1 O-O 11. Nf1 Re8 12. Be3 Qc7 13. c3 Ncd7 14. Bd4 Bc5 15. Ne3 Re4 16. Bxc5 Qxc5 17. Nd2 Re5 18. Qb3 Nb6 19. a4 Rae8 20. Nf3 R5e7 21. Qb5 Qc6 22. Red1 a6 23. Qxc6 bxc6 24. a5 Nc8 25. c4 Rb7 26. cxd5 cxd5 27. Nxd5 Nxd5 28. Rxd5 Rxb2 29. Re1 Kf8 30. Rc1 Ne7 31. Rdc5 Reb8 32. g3 Rb1 33. Rxb1 1/2-1/2

[Event "USSR (ch)"]
[Site "?"]
[Date "1988.??.??"]
[Round "?"]
[White "Kasparov, Garry"]
[Black "Kharitonov, A."]
[Result "1-0"]
[WhiteElo "2760"]
[BlackElo "2550"]
[PlyCount "69"]
[EventDate "1988.??.??"]
[Source "ChessBase"]
[SourceDate "1988.07.01"]

1. e4 e6 2. d4 d5 3. Nd2 c5 4. Ngf3 Nf6 5. exd5 exd5 6. Bb5+ Bd7 7. Bxd7+ Nbxd7 8. O-O Be7 9. dxc5 Nxc5 10. Nd4 Qd7 11. Qf3 O-O 12. N2b3 Nce4 13. Qf5 Rfc8 14. Re1 Bf8 15. c3 Qxf5 16. Nxf5 g6 17. Ne3 Re8 18. Rd1 Nc5 19. g4 h6 20. h4 Nxb3 21. axb3 Bc5 22. g5 hxg5 23. hxg5 Ne4 24. Ng4 Bb6 25. Kg2 Kg7 26. Bf4 Rad8 27. f3 Nc5 28. b4 Nb3 29. Ra3 Re2+ 30. Kg3 Rxb2 31. c4 Re8 32. c5 Bd8 33. Rxa7 Ree2 34. Rxd5 Be7 35. Rxb7 1-0

[Event "Ukrainian Games"]
[Site "Evpatoria (Ukraine)"]
[Date "2007.05.23"]
[Round "5"]
[White "Karjakin Sergey (UKR)"]
[Black "Baklan Vladimir (UKR)"]
[Result "1/2-1/2"]
[WhiteElo "2686"]
[BlackElo "2618"]
[PlyCount "24"]
[EventDate "2007.??.??"]
[Source "www.chesslib.no"]
[SourceDate "2004.05.04"]

1. e4 e6 2. d4 d5 3. Nd2 c5 4. exd5 exd5 5. Ngf3 Nf6 6. Bb5+ Bd7 7. Bxd7+ Nbxd7 8. O-O Be7 9. dxc5 Nxc5 10. Nb3 Nce4 11. Bf4 O-O 12. c3 Bd6 1/2-1/2

[Event "Bad Lauterberg GER"]
[Site "Bad Lauterberg GER"]
[Date "1979.??.??"]
[Round "?"]
[White "Balashov, Yuri S"]
[Black "Korchnoi, Viktor L"]
[Result "1/2-1/2"]
[WhiteElo "2600"]
[BlackElo "2695"]
[PlyCount "61"]
[EventDate "1979.??.??"]
[Source "www.chesslib.no"]
[SourceDate "2004.05.04"]

1. e4 e6 2. d4 d5 3. Nd2 c5 4. exd5 exd5 5. Bb5+ Bd7 6. Qe2+ Qe7 7. Bxd7+ Nxd7 8. dxc5 Qxe2+ 9. Nxe2 Bxc5 10. Nb3 Bb6 11. Bf4 Ngf6 12. f3 O-O 13. O-O-O Rfc8 14. Nbd4 g6 15. g4 a6 16. Bg3 Re8 17. b3 Rac8 18. Kb2 Ne5 19. Rhf1 Nc6 20. Bf2 Nxd4 21. Nxd4 Nd7 22. h3 Ba5 23. Kb1 Ne5 24. Be1 Bb6 25. Bf2 Ba5 26. Be1 Bd8 27. Bg3 Bf6 28. Rfe1 Nc6 29. Rxe8+ Rxe8 30. Nxc6 bxc6 31. Re1 1/2-1/2

[Event "FRA-chT"]
[Site "France"]
[Date "2002.03.31"]
[Round "6.1"]
[White "Adams, Michael"]
[Black "Pelletier, Yannick"]
[Result "1-0"]
[WhiteElo "2742"]
[BlackElo "2549"]
[PlyCount "101"]
[EventDate "2002.02.01"]
[Source "ChessBase"]
[SourceDate "2002.07.08"]

1. e4 e6 2. d4 d5 3. Nd2 c5 4. Ngf3 Nf6 5. exd5 exd5 6. Bb5+ Bd7 7. Bxd7+ Nbxd7 8. O-O Be7 9. dxc5 Nxc5 10. Re1 O-O 11. Nf1 Re8 12. Be3 Nce4 13. c3 Qc7 14. Bd4 Bc5 15. Ne3 Rad8 16. Qd3 Qb6 17. Re2 Bxd4 18. Nxd4 Nc5 19. Qc2 Qa6 20. a3 Qd3 21. Qxd3 Nxd3 22. Rd1 Nc5 23. Kf1 Rd7 24. Ng4 Nce4 25. Nxf6+ Nxf6 26. Rxe8+ Nxe8 27. Nf5 Nf6 28. Rd4 g6 29. Ne3 h5 30. h3 Kf8 31. g4 hxg4 32. hxg4 g5 33. Nf5 Ne8 34. Ne3 Nf6 35. f3 Ke7 36. Nf5+ Kd8 37. Rd2 Ng8 38. Kf2 Ne7 39. Kg3 Nxf5+ 40. gxf5 Ke7 41. Kg4 Kf6 42. a4 a5 43. f4 gxf4 44. Kxf4 Rd8 45. b3 Rd7 46. Rd3 b6 47. Rd2 Rd8 48. Rd4 Ke7 49. c4 dxc4 50. Rxd8 Kxd8 51. bxc4 1-0

[Event "III Arrows Cup"]
[Site "Ji Nan"]
[Date "2003.09.20"]
[Round "4"]
[White "Xie Jun"]
[Black "Bareev, Evgeny"]
[Result "1/2-1/2"]
[WhiteElo "2569"]
[BlackElo "2721"]
[PlyCount "56"]
[EventDate "2003.09.17"]
[Source "Roberto Alvarez"]
[SourceDate "2003.09.22"]

1. e4 e6 2. d4 d5 3. Nd2 c5 4. exd5 exd5 5. Bb5+ Bd7 6. Bxd7+ Qxd7 7. Qe2+ Be7 8. dxc5 Nf6 9. Ngf3 O-O 10. Nb3 Re8 11. O-O Na6 12. c6 Qxc6 13. Nfd4 Qd7 14. Qf3 g6 15. h3 Ne4 16. Be3 Nc7 17. Rad1 Qa4 18. a3 Rad8 19. Bf4 Nb5 20. Nxb5 Qxb5 21. Qd3 Qc6 22. Be3 Bf6 23. Bd4 a6 24. Bxf6 Qxf6 25. Qd4 Qc6 26. Qd3 Qf6 27. Qd4 Qc6 28. Qd3 Qf6 1/2-1/2

[Event "Groningen"]
[Site "?"]
[Date "1996.??.??"]
[Round "?"]
[White "Svidler, P."]
[Black "Korchnoi, V."]
[Result "1-0"]
[WhiteElo "2650"]
[BlackElo "2635"]
[PlyCount "77"]
[EventDate "1996.??.??"]
[Source "ChessBase"]
[SourceDate "1996.10.01"]

1. e4 e6 2. d4 d5 3. Nd2 c5 4. exd5 exd5 5. Ngf3 c4 6. b3 cxb3 7. axb3 Bb4 8. Ne5 Nf6 9. Bd3 O-O 10. O-O Bc3 11. Ra4 Bd7 12. Nxd7 Nbxd7 13. Nb1 Ba5 14. Bd2 Bc7 15. Nc3 Re8 16. Qf3 Nb6 17. Raa1 h6 18. Rae1 Qd6 19. g3 a6 20. Re3 Qc6 21. Rfe1 Bd6 22. Nd1 Rxe3 23. Nxe3 Re8 24. c4 Ne4 25. Bxe4 dxe4 26. Qg4 Bf8 27. Nf5 Kh7 28. d5 Qg6 29. Rxe4 Qxg4 30. Rxg4 Re2 31. Rd4 Bc5 32. Kf1 Re5 33. Rf4 g5 34. Rf3 Kg6 35. g4 h5 36. gxh5+ Kxh5 37. Bc3 Kg4 38. Kg2 Re2 39. h3+ 1-0

[Event "Konex"]
[Site "Buenos Aires"]
[Date "1979.??.??"]
[Round "13"]
[White "Ljubojevic, Ljubomir"]
[Black "Kortschnoj, Viktor"]
[Result "1/2-1/2"]
[WhiteElo "2590"]
[BlackElo "2695"]
[PlyCount "37"]
[EventDate "1979.07.??"]
[Source "ChessBase"]

1. e4 e6 2. d4 d5 3. Nd2 c5 4. exd5 exd5 5. Bb5+ Bd7 6. Qe2+ Be7 7. dxc5 Nf6 8. Nb3 O-O 9. Be3 Re8 10. Nf3 a6 11. Bd3 Ba4 12. Nfd4 Nbd7 13. O-O-O Bxb3 14. Nxb3 Nxc5 15. Qf3 Nxb3+ 16. axb3 Bd6 17. Bg5 Be5 18. Kb1 h6 19. Bxf6 1/2-1/2

[Event "Istanbul ol (Men)"]
[Site "Istanbul"]
[Date "2000.11.04"]
[Round "7"]
[White "Rublevsky, Sergei"]
[Black "Psakhis, Lev"]
[Result "1/2-1/2"]
[WhiteElo "2670"]
[BlackElo "2611"]
[PlyCount "50"]
[EventDate "2000.10.??"]
[Source "www.chesslib.no"]
[SourceDate "2004.05.04"]

1. e4 e6 2. d4 d5 3. Nd2 c5 4. exd5 exd5 5. Bb5+ Bd7 6. Qe2+ Be7 7. dxc5 Nf6 8. Nb3 O-O 9. Nf3 Re8 10. Be3 a6 11. Bd3 Ba4 12. Nfd4 Bxb3 13. Nxb3 Nbd7 14. O-O-O Nxc5 15. Qf3 Nxb3+ 16. axb3 Qa5 17. Kb1 Bc5 18. Bg5 Ne4 19. Bxe4 dxe4 20. Qf5 g6 21. Qd5 Qb5 22. Bh4 Re6 23. c3 Qb6 24. Rhf1 Rae8 25. b4 Bf8 1/2-1/2

[Event "Interzonal"]
[Site "Biel izt"]
[Date "1993.??.??"]
[Round "?"]
[White "Gurevich, Mikhail N"]
[Black "Bareev, Evgeny I"]
[Result "0-1"]
[WhiteElo "2610"]
[BlackElo "2670"]
[PlyCount "131"]
[EventDate "1993.??.??"]
[Source "www.chesslib.no"]
[SourceDate "2004.05.04"]

1. e4 e6 2. d4 d5 3. Nd2 c5 4. exd5 exd5 5. Ngf3 Nf6 6. Bb5+ Bd7 7. Bxd7+ Nbxd7 8. O-O Be7 9. dxc5 Nxc5 10. Nb3 Nce4 11. Bf4 O-O 12. Qd3 Re8 13. Be5 Qd7 14. a4 a6 15. Rfd1 Rac8 16. c3 Bd8 17. h3 h6 18. a5 Rc6 19. Bxf6 Nxf6 20. Nfd4 Rc8 21. Nc2 Bc7 22. Ne3 Rcd8 23. Nd4 Re4 24. Nf3 Qc6 25. b4 Rde8 26. Kf1 Rd8 27. Rab1 Bf4 28. Nf5 Qc7 29. N5d4 Rc8 30. Rb3 Ree8 31. Ne2 Be5 32. Rc1 Ne4 33. Qxd5 Bg3 34. c4 Rcd8 35. Qf5 Qxc4 36. Re3 Bb8 37. g3 Qxb4 38. Kg2 Nd6 39. Qd3 Rxe3 40. Qxe3 Re8 41. Qd3 Qxa5 42. Nf4 Qf5 43. Qb3 Nb5 44. Nd5 h5 45. h4 Bd6 46. Ng5 g6 47. Qc4 Kg7 48. f4 Kh6 49. Nc3 Rc8 50. Qb3 Kg7 51. Nxb5 Rxc1 52. Nd4 Qf6 53. Qxb7 Be7 54. Qd5 Rc8 55. f5 Rd8 56. Nde6+ fxe6 57. Nxe6+ Kh6 58. Nxd8 Bxd8 59. fxg6 Kxg6 60. Qd3+ Kg7 61. Qd1 Qc6+ 62. Kh2 Bc7 63. Qd2 Qc5 64. Kh3 Qe5 65. Qd7+ Kf6 66. Qd2 0-1

[Event "Belfort"]
[Site "Belfort"]
[Date "1997.??.??"]
[Round "7"]
[White "Rozentalis, Eduardas"]
[Black "Gurevich, Mikhail"]
[Result "1/2-1/2"]
[WhiteElo "2645"]
[BlackElo "2620"]
[PlyCount "44"]
[EventDate "1997.10.??"]
[Source "ChessBase"]
[SourceDate "1998.01.31"]

1. e4 e6 2. d4 d5 3. Nd2 c5 4. Ngf3 Nf6 5. exd5 exd5 6. Bb5+ Bd7 7. Bxd7+ Nbxd7 8. O-O Be7 9. dxc5 Nxc5 10. Re1 O-O 11. Nf1 Re8 12. Be3 a5 13. Bd4 Ne6 14. Be5 Bc5 15. Re2 Ne4 16. Ne3 N6g5 17. Nxg5 Qxg5 18. Bd4 Nxf2 19. Rxf2 Bxd4 20. Qxd4 Qxe3 21. Qxd5 Re7 22. Rd1 h6 1/2-1/2

[Event "Hastings 8899"]
[Site "Hastings"]
[Date "1988.??.??"]
[Round "?"]
[White "Short, Nigel D"]
[Black "Kortschnoj, Viktor"]
[Result "1/2-1/2"]
[WhiteElo "2665"]
[BlackElo "2595"]
[PlyCount "56"]
[EventDate "1988.12.??"]
[Source "ChessBase"]

1. e4 e6 2. d4 d5 3. Nd2 c5 4. exd5 exd5 5. Ngf3 c4 6. b3 cxb3 7. axb3 Bb4 8. Bb5+ Bd7 9. Bxd7+ Nxd7 10. O-O Ne7 11. c4 O-O 12. Ba3 Bxa3 13. Rxa3 Nc6 14. Re1 Nf6 15. Nf1 Re8 16. Ne3 Re4 17. Ra2 h6 18. Rae2 Rf4 19. Nc2 a5 20. Qd3 Re4 21. g3 a4 22. bxa4 Rxa4 23. c5 Qa5 24. Qb3 Nb4 25. Rxe4 dxe4 26. Ne5 Nxc2 27. Qxf7+ Kh7 28. Qg6+ Kg8 1/2-1/2

[Event "Biel SUI"]
[Site "Biel SUI"]
[Date "1991.??.??"]
[Round "?"]
[White "Adams, Michael"]
[Black "Bareev, Evgeny I"]
[Result "0-1"]
[WhiteElo "2600"]
[BlackElo "2650"]
[PlyCount "60"]
[EventDate "1991.??.??"]
[Source "www.chesslib.no"]
[SourceDate "2004.05.04"]

1. e4 e6 2. d4 d5 3. Nd2 c5 4. exd5 exd5 5. Ngf3 Nf6 6. dxc5 Bxc5 7. Nb3 Bb6 8. Bb5+ Nc6 9. Qe2+ Be6 10. Nbd4 Qc8 11. O-O O-O 12. Nxe6 Qxe6 13. Qxe6 fxe6 14. c3 Ng4 15. Bd2 e5 16. Be1 e4 17. Bxc6 bxc6 18. Nd4 Ne5 19. Rd1 Rf6 20. Bd2 c5 21. Ne2 Nd3 22. Be3 Re8 23. Ng3 d4 24. Bd2 e3 25. fxe3 dxe3 26. Rxf6 exd2 27. Rxd2 gxf6 28. c4 Re1+ 29. Nf1 Nb4 30. a3 Ra1 0-1

[Event "It (Men) La Roche Sur Yon FRA"]
[Site "?"]
[Date "2006.03.24"]
[Round "9"]
[White "Istratescu Andrei"]
[Black "Bauer Christian"]
[Result "1-0"]
[WhiteElo "2618"]
[BlackElo "2627"]
[PlyCount "187"]
[EventDate "2006.??.??"]
[Source "www.chesslib.no"]
[SourceDate "2004.05.04"]

1. d4 e6 2. e4 d5 3. Nd2 c5 4. exd5 exd5 5. Ngf3 Nf6 6. Bb5+ Bd7 7. Qe2+ Be7 8. dxc5 O-O 9. Nb3 Re8 10. Be3 a6 11. Bd3 Ba4 12. Nfd4 Nbd7 13. O-O-O Bxb3 14. Nxb3 Nxc5 15. Qf3 Nxb3+ 16. axb3 Qa5 17. Kb1 Bc5 18. Rhe1 Rad8 19. Bd2 Qb6 20. Bg5 Bxf2 21. Rxe8+ Rxe8 22. Bxf6 Qxf6 23. Qxd5 b5 24. Qd7 Rf8 25. Rf1 g6 26. b4 Kg7 27. g3 Rd8 28. Qc7 Re8 29. Qc3 Re1+ 30. Rxe1 Qxc3 31. bxc3 Bxe1 32. Kb2 f5 33. Be2 Kf6 34. Bf3 Ke6 35. Kb3 Kd6 36. Bb7 Bf2 37. Bxa6 Kc6 38. c4 bxc4+ 39. Bxc4 Bg1 40. h3 Bf2 41. Bg8 h5 42. Bh7 Bxg3 43. Bxg6 h4 44. Bxf5 Kb6 45. Kc4 Bd6 46. c3 Be5 47. Kd3 Bf6 48. Bd7 Bg7 49. Ba4 Bf6 50. c4 Be7 51. c5+ Bxc5 52. bxc5+ Kxc5 53. Ke4 Kd6 54. Kf5 Ke7 55. Kg6 Kf8 56. Bb3 Ke7 57. Kg7 Ke8 58. Bc4 Ke7 59. Bf7 Kd7 60. Kf6 Kd6 61. Be6 Kc6 62. Ke7 Kc7 63. Bd7 Kb7 64. Kd8 Kb6 65. Ba4 Kb7 66. Kd7 Kb6 67. Bc6 Ka6 68. Kc7 Ka7 69. Bf3 Ka6 70. Kb8 Kb5 71. Kb7 Kc5 72. Kc7 Kb5 73. Bb7 Kc5 74. Bc6 Kd4 75. Kd6 Kc4 76. Bd7 Kb4 77. Kc6 Kc4 78. Bc8 Kb4 79. Ba6 Ka5 80. Bb5 Kb4 81. Kb6 Kc3 82. Kc5 Kb3 83. Bd7 Ka3 84. Kc4 Kb2 85. Ba4 Ka2 86. Kb4 Kb2 87. Bb3 Kb1 88. Kc3 Ka1 89. Bf7 Kb1 90. Kd3 Kb2 91. Ke4 Kc3 92. Kf5 Kd4 93. Kg5 Ke5 94. Bb3 1-0

[Event "Moscow PCA-GP"]
[Site "Moscow"]
[Date "1996.??.??"]
[Round "1.1"]
[White "Rublevsky, Sergei"]
[Black "Vaganian, Rafael A"]
[Result "1-0"]
[WhiteElo "2610"]
[BlackElo "2615"]
[PlyCount "123"]
[EventDate "1996.04.??"]
[Source "ChessBase"]

1. e4 e6 2. d4 d5 3. Nd2 c5 4. exd5 exd5 5. Bb5+ Nc6 6. Ne2 Bd6 7. dxc5 Bxc5 8. Nb3 Bb6 9. a4 Qh4 10. O-O Nf6 11. Bf4 a6 12. Bg3 Qh5 13. Bxc6+ bxc6 14. a5 Ba7 15. Ned4 Qxd1 16. Raxd1 Bg4 17. f3 Be6 18. Bd6 Kd7 19. Bc5 Rhb8 20. Rfe1 Re8 21. Bxa7 Rxa7 22. Nc5+ Kd6 23. b4 g6 24. Kf2 h5 25. h4 Bc8 26. Rxe8 Nxe8 27. Re1 Ng7 28. c3 Ne6 29. Ndxe6 fxe6 30. f4 Rf7 31. Nd3 e5 32. Rxe5 Rxf4+ 33. Nxf4 Kxe5 34. Ke3 Kf5 35. Nd3 Kg4 36. Ne5+ Kxh4 37. Kf4 g5+ 38. Kf3 Bg4+ 39. Kf2 Bc8 40. Nxc6 Kg4 41. Nd4 h4 42. b5 axb5 43. Nxb5 Kf4 44. Nc7 Ke4 45. a6 g4 46. a7 Bb7 47. a8=Q Bxa8 48. Nxa8 d4 49. cxd4 Kxd4 50. Nb6 Ke4 51. Nc4 Kf4 52. Ne3 Kg5 53. Nd5 Kf5 54. Nc3 Kf4 55. Ne2+ Ke4 56. Nc1 Kf4 57. Nd3+ Ke4 58. Ke2 Kf5 59. Ke3 g3 60. Kf3 Kg5 61. Nf4 Kf5 62. Nh3 1-0

[Event "5th IECC"]
[Site "Antalya"]
[Date "2004.05.25"]
[Round "10"]
[White "Parligras, Mircea"]
[Black "Gurevich, Mikhail"]
[Result "1/2-1/2"]
[WhiteElo "2549"]
[BlackElo "2672"]
[PlyCount "48"]
[EventDate "2004.05.15"]
[Source "Roberto Alvarez"]
[SourceDate "2004.05.31"]

1. e4 e6 2. d4 d5 3. Nd2 c5 4. Ngf3 Nf6 5. exd5 exd5 6. Bb5+ Bd7 7. Bxd7+ Nbxd7 8. O-O Be7 9. dxc5 Nxc5 10. Nb3 Nce4 11. Nfd4 Qd7 12. f3 Nd6 13. Nc5 Qc8 14. Nd3 O-O 15. Be3 Re8 16. Re1 Bd8 17. Bf2 Bb6 18. c3 Qc4 19. Rxe8+ Rxe8 20. Qd2 h6 21. a3 Qc8 22. Re1 Nc4 23. Rxe8+ Qxe8 24. Qe2 Qxe2 1/2-1/2

[Event "Buenos Aires Najdorf"]
[Site "Buenos Aires"]
[Date "1991.??.??"]
[Round "1"]
[White "Adams, Michael"]
[Black "Dolmatov, Sergey"]
[Result "1/2-1/2"]
[WhiteElo "2600"]
[BlackElo "2620"]
[PlyCount "61"]
[EventDate "1991.04.??"]
[Source "ChessBase"]

1. e4 e6 2. d4 d5 3. Nd2 c5 4. exd5 exd5 5. Ngf3 Nf6 6. dxc5 Bxc5 7. Nb3 Be7 8. Bd3 O-O 9. O-O Bg4 10. h3 Bh5 11. Bf4 Nc6 12. Re1 Re8 13. c3 Qd7 14. Be2 Bd6 15. Qd2 Re7 16. Bxd6 Qxd6 17. Nbd4 Ne4 18. Qc2 Bg6 19. Bd3 Qf6 20. Re3 Rae8 21. Rae1 Kf8 22. Nxc6 bxc6 23. c4 Ng5 24. Nxg5 Qxg5 25. Rxe7 Rxe7 26. Rxe7 Qxe7 27. Bxg6 Qe1+ 28. Kh2 hxg6 29. cxd5 Qe5+ 30. Kg1 Qe1+ 31. Kh2 1/2-1/2

[Event "PCA Qualifier g25, Geneva SUI"]
[Site "Geneva"]
[Date "1996.??.??"]
[Round "?"]
[White "Sokolov, An"]
[Black "Bareev, E."]
[Result "1/2-1/2"]
[WhiteElo "2585"]
[BlackElo "2635"]
[PlyCount "62"]
[EventDate "1996.??.??"]
[Source "www.chesslib.no"]
[SourceDate "2004.05.04"]

1. e4 e6 2. d4 d5 3. Nd2 c5 4. exd5 exd5 5. Ngf3 Nf6 6. Bb5+ Bd7 7. Bxd7+ Nbxd7 8. O-O Be7 9. dxc5 Nxc5 10. Nb3 Nce4 11. Nfd4 Qd7 12. f3 Nd6 13. Nc5 Qc7 14. Nd3 O-O 15. b3 Rad8 16. Be3 Rfe8 17. Re1 Nde4 18. Nf5 Bf8 19. Bd4 Nc3 20. Qd2 Nb5 21. Bf2 Nd6 22. Rxe8 Rxe8 23. Nd4 g6 24. Re1 Rxe1+ 25. Qxe1 Bg7 26. Qb4 Bf8 27. Qd2 a6 28. a4 Bg7 29. Qb4 Bf8 30. Qd2 Bg7 31. Qb4 Bf8 1/2-1/2

[Event "Ehrat mem (SUI vs GER match)"]
[Site "Zuerich"]
[Date "1999.08.14"]
[Round "2"]
[White "Hort, Vlastimil"]
[Black "Kortschnoj, Viktor"]
[Result "1/2-1/2"]
[WhiteElo "2535"]
[BlackElo "2676"]
[PlyCount "74"]
[EventDate "1999.08.13"]
[Source "ChessBase"]
[SourceDate "1999.12.01"]

1. e4 e6 2. d4 d5 3. Nd2 c5 4. exd5 exd5 5. Bb5+ Bd7 6. Qe2+ Be7 7. dxc5 Nf6 8. Ngf3 O-O 9. O-O Bxc5 10. Nb3 Re8 11. Qd3 Bb6 12. Bxd7 Nbxd7 13. Bf4 Qe7 14. Rfe1 Qb4 15. Bd2 Qc4 16. Bc3 Ne4 17. Bd4 Qxd3 18. cxd3 Nec5 19. Nxc5 Nxc5 20. Bxc5 Bxc5 21. Rxe8+ Rxe8 22. Rc1 Bd6 23. Kf1 g6 24. h3 Kg7 25. Rc2 Re7 26. Nd4 Be5 27. Re2 Kf8 28. Nf3 Bf6 29. Rxe7 Kxe7 30. d4 Ke6 31. Ke2 Kf5 32. Kd3 h5 33. Ng1 Bd8 34. a3 Bh4 35. g3 Be7 36. Ne2 Bd6 37. Ke3 g5 1/2-1/2

[Event "49/323"]
[Site "?"]
[Date "1990.??.??"]
[Round "?"]
[White "Beliavsky, Alexander G"]
[Black "Eingorn, Vereslav S"]
[Result "1-0"]
[WhiteElo "2640"]
[BlackElo "2570"]
[PlyCount "55"]
[EventDate "1990.??.??"]
[Source "www.chesslib.no"]
[SourceDate "2004.05.04"]

1. e4 e6 2. d4 d5 3. Nd2 a6 4. Ngf3 c5 5. exd5 exd5 6. Be2 cxd4 7. O-O Bd6 8. Nb3 Ne7 9. Bg5 Nbc6 10. Bh4 Qb6 11. Bg3 Bxg3 12. hxg3 O-O 13. Nfxd4 Nf5 14. c3 Nfxd4 15. cxd4 Bf5 16. Qd2 Rfe8 17. Rfc1 Rac8 18. Rc3 h6 19. Bf3 Be4 20. Bg4 Rcd8 21. Nc5 Re7 22. Re1 Qa7 23. Rce3 Rc7 24. Nxe4 dxe4 25. Rxe4 Rxd4 26. Re8+ Kh7 27. Bf5+ g6 28. Rh8+ 1-0

[Event "Novi Sad (ol)"]
[Site "?"]
[Date "1990.??.??"]
[Round "?"]
[White "Beliavsky, A."]
[Black "Nikolic, Pr"]
[Result "1/2-1/2"]
[WhiteElo "2605"]
[BlackElo "2600"]
[PlyCount "83"]
[EventDate "1990.??.??"]
[Source "ChessBase"]
[SourceDate "1990.07.01"]

1. e4 e6 2. d4 d5 3. Nd2 c5 4. exd5 exd5 5. Ngf3 c4 6. b3 cxb3 7. Bb5+ Bd7 8. Qe2+ Qe7 9. Bxd7+ Nxd7 10. axb3 Ngf6 11. Ne5 Qe6 12. O-O Bd6 13. f4 O-O 14. c4 Bb4 15. Ndf3 Nxe5 16. fxe5 Ne4 17. Ba3 Bxa3 18. Rxa3 a5 19. Rfa1 b6 20. b4 a4 21. Re1 f5 22. exf6 Qxf6 23. cxd5 Nd6 24. Re3 Nf5 25. Re5 a3 26. Qa2 Qd6 27. b5 Kh8 28. Qd2 a2 29. Ra1 Qa3 30. Re2 Qb3 31. Qb2 Qd3 32. Qc2 Qxb5 33. Rxa2 Rac8 34. Qb2 Qxd5 35. Ra1 Rf6 36. Rae1 Qd7 37. Re4 h6 38. Qb1 Rcf8 39. Qd3 Nd6 40. Re7 Qf5 41. Qxf5 Nxf5 42. Rb7 1/2-1/2